000 00615cam a22002173a 4500
001 41836
003 PGUSA
005 20140828083938.0
008 130113s2013||||xxu|||||s|||||000 | eng d
040 _aPGUSA
_beng
042 _adc
100 1 _aHay, George,
_d1876-
245 1 0 _aCarlo Dolci :
_bMasterpieces in Colour Series
_h[electronic resource] /
_cGeorge Hay
260 _bProject Gutenberg,
_c2013
506 _aPublic domain in the USA.
516 _aElectronic text
700 1 _aHare, T. Leman
830 0 _aProject Gutenberg
_v41836
856 4 0 _uhttp://www.gutenberg.org/ebooks/41836
942 _cEB
999 _c271088
_d271088